000 00426nam a2200181Ia 4500
001 19622
005 20260306172706.0
008 260306t1990||||xx |||||||||||||| ||spa||
041 _aESP
082 _a340.7
_bD96 1990
100 _aDu Pasquier, Claude
_eAUT
245 0 _aIntroducción al derecho
260 _c1990
300 _a318 páginas :
_c21 cm.
650 _aGEN
654 _aCDE
942 _cLIB
_dJUS
_fJUS
_2ddc
_n
999 _c19622
_d19622